| 000 | 00714nam a22002177a 4500 | ||
|---|---|---|---|
| 008 | 090130t xxu||||| |||| 00| 0 eng d | ||
| 010 | _aENG-92697 | ||
| 020 |
_c80.00 _a9788187862604 |
||
| 020 |
_c80.00 _a8187862602 |
||
| 035 | _aEN-76230 | ||
| 037 | _bDBAD / PUB | ||
| 040 |
_adpl _bEnglish |
||
| 082 | _a332 | ||
| 100 | _aNagarajan, A. | ||
| 245 |
_aMicro finance in India / _cby A. Nagarajan |
||
| 260 |
_aChennai _bAmaani Publications _c2008 |
||
| 300 |
_a104p. _c20cm (pbk) |
||
| 650 |
_aMicrofinance _zIndia |
||
| 942 |
_2ddc _cEN _mNAG _h332 |
||
| 999 |
_c22651 _d22651 |
||